000 00313nas a2200145 a 4500
001 73543
003 147872
005 20201118111138.0
008 ||||||n9999 ||| || ||
245 0 _aNueva Frontera - No.489
260 _c1984.
562 _e0
773 _016068
_aNueva Frontera
942 _cSISS
999 _c73543
_d73543